<?xml version="1.0" encoding="UTF-8"?>
<record
    xmlns:xsi="http://www.w3.org/2001/XMLSchema-instance"
    xsi:schemaLocation="http://www.loc.gov/MARC21/slim http://www.loc.gov/standards/marcxml/schema/MARC21slim.xsd"
    xmlns="http://www.loc.gov/MARC21/slim">

  <leader>00413    a2200109   4500</leader>
  <controlfield tag="001">ART_11340</controlfield>
  <controlfield tag="005">20260410161856.0</controlfield>
  <controlfield tag="008">260409a                                 </controlfield>
  <datafield tag="245" ind1="1" ind2="0">
    <subfield code="a">El sector agropecuario en la provincia de C&#xF3;rdoba en el a&#xF1;o 1983-1984. Su relaci&#xF3;n con a&#xF1;os anteriores y participaci&#xF3;n nacional</subfield>
  </datafield>
  <datafield tag="100" ind1="1" ind2=" ">
    <subfield code="a">Colom&#xE9;, Rinaldo A.</subfield>
  </datafield>
  <datafield tag="773" ind1="0" ind2=" ">
    <subfield code="t">Revista de Econom&#xED;a</subfield>
    <subfield code="g">- N&#xBA; 45 (dic. 1985)</subfield>
    <subfield code="w">REV11077</subfield>
  </datafield>
  <datafield tag="999" ind1=" " ind2=" ">
    <subfield code="c">25483</subfield>
    <subfield code="d">25483</subfield>
  </datafield>
</record>
